Central Library OPAC University of Rajshahi
Normal view MARC view

Entry Topical Term

Number of records used in: 2

001 - CONTROL NUMBER

  • control field: 4758

003 - CONTROL NUMBER IDENTIFIER

  • control field: BD-RjUL

005 - DATE AND TIME OF LATEST TRANSACTION

  • control field: 20220913115007.0

008 - FIXED-LENGTH DATA ELEMENTS

  • fixed length control field: 220913|| aca||aabn | a|a d

040 ## - CATALOGING SOURCE

  • Original cataloging agency: BD-RjUL
  • Transcribing agency: BD-RjUL

150 ## - HEADING--TOPICAL TERM

  • Form subdivision: Pension
  • Geographic subdivision: India

670 ## - SOURCE DATA FOUND

  • Source citation: Work cat.: (BD-RjUL)80341: Rahman, Muhammad Najeeb ## الرحمن, محمد نجيب 4757, هند كي معاشي حالت # # hind ki maeashi halat /